| 000 | 01006nas a2200325 4500 | ||
|---|---|---|---|
| 001 | BR2014001043 | ||
| 003 | BR-BrBNA | ||
| 005 | 20231205123717.0 | ||
| 007 | ta | ||
| 008 | 230509b bl.|||p| |||| 00| 00por d | ||
| 040 |
_aBR-BrBNA _bpor _cBiblioteca Nacional de Agricultura |
||
| 041 | _a(Pt) | ||
| 072 | _aP01; P33 | ||
| 100 | 1 | _aEisenlohr, P.V. | |
| 100 | 1 | _aMeyer, L. | |
| 100 | 1 | _aMiranda, P.L.S. de | |
| 100 | 1 | _aRezende, V.L. | |
| 100 | 1 | _aSarmento, C.D. e | |
| 100 | 1 | _aMota, T.J.R. de C. | |
| 100 | 1 | _aGarcia, L.C. | |
| 100 | 1 | _aMelo, M.M. da R.F. de | |
| 245 | 1 | _aTrilhas e seu papel ecológico: o que temos aprendido e quais as perspectivas para a restauração de ecossistemas? | |
| 650 | _aRECURSO NATURAL | ||
| 650 | _aECOSSISTEMA | ||
| 650 | _aCOMPACTAÇÃO DO SOLO | ||
| 650 | _aEDUCAÇÃO AMBIENTAL | ||
| 773 | 0 |
_tHoehnea (Brazil) _xISSN 0073-2877 _g(Sep 2013), v. 40(3) p. 407-418 _wBR2014001043 |
|
| 909 |
_a202311 _bLúcia _c55 _dLúcia Elande |
||
| 942 |
_2AGRIS _n0 _cANA |
||
| 999 |
_c235302 _d235302 |
||